000
00207nam a2200097Ia 4500
008
190216s9999||||xx |||||||||||||| ||und||
100
_a
Buhari
245
0
_a
"Saheehul Buhari Vol 1,2"
260
_b
Null
942
_c
BK
999
_c
23
_d
23